Länder mit der schnellsten Internetverbindung - Statistiken

Allgemein
  • Dieses Quiz wurde 195 mal gespielt
  • Das Durchschnittsergebnis liegt bei 5 aus 10
Antwortstatistiken
Platz Land Megabite pro Sekunde
% Korrekt
8. Vereinigte Staaten 117,3
94%
7. Schweden 120,4
74%
5. Südkorea 132,6
70%
9. Schweiz 117,2
65%
1. Singapur 199,6
56%
3. Monaco 137,9
47%
10. Liechtenstein 115,1
43%
2. Hongkong 168,7
20%
4. Rumänien 140
18%
6. Ungarn 122,3
17%
Keine übereinstimmenden Quizze gefunden
Verteilung der Resultate
Anzahl Personen mit jedem Resultat
Perzentil nach korrekt beantworteten Fragen
Ihre Resultats-Entwicklung
Sie haben dieses Quiz noch nicht gespielt